| 000 | 00000nam##2200000za#4500 |
| 001 | 9.616835 |
| 003 | CaOODSP |
| 005 | 20200401021108 |
| 007 | ta |
| 008 | 150406|2004||||xxc||||| f|0| 0 eng|d |
| 022 | |a0706-6457 |
| 040 | |aCaOODSP|beng |
| 043 | |an-cn--- |
| 086 | 1 |aFs97-6/2521E |
| 110 | 1 |aCanada. |bDepartment of Fisheries and Oceans. |
| 245 | 10|aBy-catch of Harbour Porpoise (Phocoena phocoena) in the lower bay of Fundy Gillnet Fishery, 1998-2001 / |cby E.A. Trippel and T.D. Shepherd. |
| 260 | |aOttawa - Ontario : |bFisheries and Oceans Canada |c2004. |
| 300 | |aiv, 33p. : |bfigs., references, tables ; |c28 cm. |
| 490 | 1 |aCanadian technical report of fisheries and aquatic sciences|x0706-6457|v2521 |
| 500 | |a"Fisheries and Oceans Canada, Biological Station, 531 Brandy Cove Road, St. Andrews, New Brunswick, Canada E5B 2L9".--Cover. |
| 546 | |a(Résumé en français.) |
| 563 | |aSoftcover |
| 590 | |a04-16|b2004-04-16 |
| 690 | 07|aTechnical reports|2gcpds |
| 720 | 1 |aTrippel, E. A. |
| 720 | 1 |aShepherd, T. D. |
| 776 | 0#|tBy-catch of harbour porpoise (Phocoena phocoena) in the lower Bay of Fundy gillnet fishery, 1998-2001 / |w(CaOODSP)9.574100 |
| 830 | #0|aCanadian technical report of fisheries and aquatic sciences,|x0706-6457|v2521|w(CaOODSP)9.514691 |